Kết quả hoạt động khoa học, công nghệ và đổi mới tại một số nước Đông Nam Á trong xu thế hội nhập quốc tế: Một góc nhìn so sánh /

সংরক্ষণ করুন:
গ্রন্থ-পঞ্জীর বিবরন
প্রধান লেখক: Đào Thanh Trường.
বিন্যাস: প্রবন্ধ
ভাষা:Vietnamese
বিষয়গুলি:
ট্যাগগুলো: ট্যাগ যুক্ত করুন
কোনো ট্যাগ নেই, প্রথমজন হিসাবে ট্যাগ করুন!
Thư viện lưu trữ: Thư viện Trường Đại học Đà Lạt
LEADER 00912nam a2200277 4500
001 DLU180185532
005 ##20180611
040 # # |a DLU  |b vie 
041 # # |a vie 
044 # # |a vn 
100 # # |a Đào Thanh Trường. 
245 # # |a Kết quả hoạt động khoa học, công nghệ và đổi mới tại một số nước Đông Nam Á trong xu thế hội nhập quốc tế: Một góc nhìn so sánh /  |c Đào Thanh Trường. 
653 # # |a Đông Nam Á 
653 # # |a Đổi mới 
653 # # |a Hội nhập 
653 # # |a Khoa học và công nghệ 
773 # # |t Nghiên cứu Đông Nam Á  |g Số 4, 2016, tr. 29-37 
920 # # |a Phòng Tạp chí -- Trung tâm Thông tin - Thư viện Trường Đại học Đà Lạt 
994 # # |a DLU 
900 # # |a True 
911 # # |a Hoàng Thị Huyền 
925 # # |a G 
926 # # |a A 
927 # # |a BB 
980 # # |a Thư viện Trường Đại học Đà Lạt